Statistiques concernant Du plus grand au plus petit. (Pays D'Amérique du Nord)

Cliquez ici pour prendre le quiz!

Statistiques générales

  • Ce quiz a été pris 108 fois
  • Le résultat moyen est 19 sur 23

Statistiques - réponses

PlaceSuperficiePays Nord-AméricainsIndice% Correct
19 980 000 km²Canada6 lettres
100%
29 830 000 km²États-Unis9 lettres
100%
31 960 000 km²Mexique7 lettres
99%
6110 860 km²Cuba4 lettres
88%
4130 370 km²Nicaragua9 lettres
88%
1127 750 km²Haïti5 lettres
86%
5112 090 km²Honduras8 lettres
85%
1048 670 km²République Dominicaine21 lettres
85%
951 100 km²Costa Rica9 lettres
83%
7108 889 km²Guatemala9 lettres
83%
1222 966 km²Belize6 lettres
82%
875 420 km²Panama6 lettres
82%
1321 041 km²Salvador8lettres
81%
1413 880 km²Bahamas7 lettres
79%
1510 991 km²Jamaïque8 lettres
77%
21389 km²Saint-Vincent-et-Les Grenadines(nom complet) 27 lettres
75%
19443 km²Antigua-et-Barbuda(nom complet) 16 lettres
74%
17751 km²Dominique9 lettres
74%
23261 km²Saint-Christophe-et-Niévès(nom complet) 23 lettres
74%
165 128 km²Trinité-et-Tobago(nom complet) 15 lettres
74%
20430 km²Barbade7 lettres
71%
18616 km²Sainte-Lucie11 lettres
71%
22344 km²Grenade7 lettres
69%

Distribution des résultats

Percentile par nombre de réponses

% des personnes avec chaque résultat

Votre développement - résultats

Vous n’avez pas pris ce quiz